Psicología de las relaciones humanas en la empresa / (Record no. 31772)

MARC details
000 -LEADER
campo de control de longitud fija 00845nam a2200217 i 4500
001 - NÚMERO DE CONTROL
campo de control 31772
003 - IDENTIFICADOR DE NÚMERO DE CONTROL
campo de control ES-MaACL
005 - FECHA Y HORA DE LA ÚLTIMA TRANSACCIÓN
campo de control 20250902070712.0
007 - CAMPO FIJO DE DESCRIPCIÓN FÍSICA--INFORMACIÓN GENERAL
campo de control de longitud fija t|
008 - DATOS DE LONGITUD FIJA--INFORMACIÓN GENERAL
campo de control de longitud fija 030130s1959 sp ||||1| spa d
100 1# - ENTRADA PRINCIPAL--NOMBRE DE PERSONA
Nombre de persona Baumgarten, Franziska.
9 (RLIN) 26595
245 10 - MENCIÓN DEL TÍTULO
Título Psicología de las relaciones humanas en la empresa /
Mención de responsabilidad, etc. por Franziska Baumgarten ; traducción de Federico López Valencia ; revisión y prólogo de José Mallart Cuto.
260 ## - PUBLICACIÓN, DISTRIBUCIÓN, ETC.
Lugar de publicación, distribución, etc. Barcelona :
Nombre del editor, distribuidor, etc. Labor,
Fecha de publicación, distribución, etc. 1959 (
Fabricante Talls. Gráfs. Iberoamericanos)
300 ## - DESCRIPCIÓN FÍSICA
Extensión XII, 269 p. ;
Dimensiones 22 cm.
650 #7 - PUNTO DE ACCESO ADICIONAL DE MATERIA--TÉRMINO DE MATERIA
Término de materia o nombre geográfico como elemento de entrada Relaciones interpersonales en el trabajo
Fuente del encabezamiento o término embne
9 (RLIN) 165747
650 07 - PUNTO DE ACCESO ADICIONAL DE MATERIA--TÉRMINO DE MATERIA
Término de materia o nombre geográfico como elemento de entrada Gestión de empresas
Fuente del encabezamiento o término embne
9 (RLIN) 12210
700 1# - ENTRADA AGREGADA--NOMBRE PERSONAL
Nombre de persona López Valencia, Federico.
9 (RLIN) 74012
700 0# - ENTRADA AGREGADA--NOMBRE PERSONAL
Nombre de persona Mallart y Cutó, José.
9 (RLIN) 75793
852 ## - LOCALIZACIÓN
Ubicación ES-MaACL
Número de control de estantería C-17632
Sublocalización o colección R.46125
Holdings
Estatus retirado Estado de pérdida Estado de daño No para préstamo Biblioteca de origen Biblioteca actual Ubicación en estantería Fecha de adquisición Fuente de adquisición Total de préstamos Signatura topográfica completa Código de barras Visto por última vez Precio de reemplazo Tipo de ítem Koha
        Biblioteca del Ateneo de Madrid Biblioteca del Ateneo de Madrid Galería 17/01/2008     C-17632 1032848 23/02/2023 23/02/2023 Libro impreso